| 000 | 00612nam a22002297a 4500 | ||
|---|---|---|---|
| 005 | 20240812171004.0 | ||
| 008 | 150313b xxu||||| |||| 00| 0 spa d | ||
| 020 | _a9788415089896 | ||
| 041 |
_aESP _aING |
||
| 082 | _a813.54 L897Ll | ||
| 100 |
_aLovecraft, Howard Phillips _97189 |
||
| 245 | _aLa llamada de Cthulhu y otros relatos / The call of Cthulhu and other stories | ||
| 260 | _aEspaña | ||
| 260 | _bPlutón Ediciones | ||
| 260 | _c2015 | ||
| 300 | _a158 páginas | ||
| 650 | _aLITERATURA ESTADOUNIDENSE | ||
| 650 | _aCUENTOS | ||
| 650 | _aMISTERIO | ||
| 650 | _aSUSPENSO | ||
| 942 |
_cLIT _2ddc |
||
| 999 |
_c7866 _d7866 |
||